000 00526nam a22001937a 4500
003 KOHA_MİRAKIL
005 20251111082236.0
008 251111b tu ||||| |||| 00| 0 tur d
020 _a9786051853673
040 _aTR-AnABB
_btur
_cTR-AnABB
041 _atur
082 _a813.42
_bLEV 2021
100 1 _aLevi, Mario,
245 1 0 _aBir cuma rüzgarı /
_cMario Levi
260 _aİstanbul :
_bEverest Yayınları,
_c2021
300 _a247 sayfa ;
_c18 cm
650 0 4 _aTürk edebiyatı, roman
942 _2ddc
_cBK
999 _c9324
_d9324
900 _bGizem YORULMAZ